Score 0/30 Timer 10:00
2 Plays Today
Headline Title % Correct
It Was The Best Of Times. You Won't Believe What Else It Was!A Tale of Two Cities
84.8%
They Told This Guy That He Couldn't Simply Walk Into Mordor. What He Did Next Will Inspire You.Lord of the Rings
73.4%
First His Uncle Killed His Father, Then Married His Mother. What Happened Next Will Make Your Jaw Drop.Hamlet
71.3%
What Happened After This Guy Slept With His Mother Is Eyepopping!Oedipus Rex
59.5%
This Poor, Disabled Man Just Wanted To Pet Some Rabbits. Your Heart Will Break At What Happens Next...Of Mice and Men
59.3%
CLICK HERE To Find Out How Many Other Readers Acknowledge That A Single Man In Possession Of A Good Fortune, Must Be In Want Of A Wife.Pride and Prejudice
57.3%
Find Out What Dark Secrets The Covered Bridges In This One Weird County Hold!The Bridges of Madison County
51.6%
The Bishop of Digne had 24,601 Reasons Not To Help the Unemployed Convict Stealing His Candlesticks. What Happens Next Is Epic.Les Miserables
49.8%
One Weird Trick to Stop Having to Fly Bomber Missions!Catch-22
49.2%
Tortured By A Twisted Government, This Sad Droog Can No Longer Enjoy His Favorite Hobby: UltraviolenceA Clockwork Orange
47.7%
This Man Couldn't Stop Thinking About His Childhood Sweetheart. What He Did When He Became Stepfather To A Girl Who Resembled Her Will Shock You!Lolita
47.1%
The Percentage Of People Who Poop Will Astonish YouEverybody Poops
47%
Trapped By A King's Death Sentence, See How This Girl Saves Her Own Life - 1001 Times!1001 Arabian Nights
45.3%
The Consequences Of This Russian Civil Servant's Infidelity Will Change The Way You Think About Trains Forever.Anna Karenina
43.6%
You Won't Understand How This Irishman Spends His Day!Ulysses
42.6%
Headline Title % Correct
This Broke Student Robbed and Axe-Murdered a Pawn-Broker. What Happens When He Meets a Shy Prostitute Will Restore Your Faith in Humanity.Crime and Punishment
38.7%
Try Them, Try Them, and You May: Page 40 Will Completely Change the Way You Think About BreakfastGreen Eggs and Ham
37.4%
You Won't BELIEVE What This Traveling Salesman Turns Into, And You'll Be Shocked At How His Family Treats Him.The Metamorphosis
35.1%
What This Man Did To Get Home Will Astonish You!The Odyssey
31.9%
These Siblings Were Locked In An Attic And Given Poisoned Doughnuts. You Won't Believe What Happened Next.Flowers in the Attic
30.1%
This Insect's Triumph Over An Eating Disorder Will Leave You In Tears.The Very Hungry Caterpillar
28.5%
You Won't Believe What This Bald Chick Got Her Husband For Christmas!The Gift of the Magi
27.7%
This Brahmin Prince Achieves Enlightenment Using Only a River And This One Weird Trick.Siddhartha
21.3%
You Won't Believe What Happened After This Herdsman Was Asked To Judge A Beauty Contest!The Iliad
18.5%
Local Housewife Hated Her Wallpaper, Find Out Her One Weird Trick For Redecorating!The Yellow Wallpaper
18.3%
The King of Uruk Befriended This Homeless Man. What Happened Next Was Epic.The Epic of Gilgamesh
14.5%
You Won't Believe What Happens After One Man Smells A Lemon Cookie...Remembrance of Things Past
9%
How Did One Family's Legal Bills Become Bigger Than Their Entire Estate? The Answer Will Amaze You!Bleak House
8.9%
You Won't Believe How Much Extra Room One Family Found In Their New HouseHouse of Leaves
4.4%
This Spaceship Ignored His Distress Signal And Left Him For Dead. What He Did Next Will Shock You!The Stars My Destination
1.5%
Remove Ads.
Support Sporcle.
Get the best of Sporcle when you Go Orange. This ad-free experience offers more features, more stats, and more fun while also helping to support Sporcle. Thank you for becoming a member.

You're not logged in!

Compare scores with friends on all Sporcle quizzes.
OR
Log In

Show Comments

Extras

Top Quizzes Today


Score Distribution

Your Account Isn't Verified!

In order to create a playlist on Sporcle, you need to verify the email address you used during registration. Go to your Sporcle Settings to finish the process.

Report this User

Report this user for behavior that violates our Community Guidelines.

Details: